• 首页
  • 本馆介绍
  • 公告通知
  • 最新文献
  • 馆藏检索
  • 电子资源
  • 读者导购
  • 参考咨询
  • 我的图书馆
  • 登录
  • 详细信息显示
  • 放入我的书架
  • 预约/预借图书
  • 作者相关作品
  • 分类相关作品
  • 丛书相关作品
  • 出版社相关作品

书目信息

  • 表格格式
  • 工作单格式
  • 卡片格式
题名:
投篮的技巧
    
 
作者: 泰德.圣.马丁 , 弗兰克.佛兰吉尔 , 弗兰克.佛兰吉尔 著
分册:  
出版信息: 北京   人民体育出版社  1996.08
页数: 90页
开本: 20cm
丛书名:
单 册:
中图分类: G841.19
科图分类:
主题词: 球类运动
电子资源:
ISBN: 7-5009-1359-1
000 00899nam0 2200229 45
001 0001061555
005 20040506110509.7
010    @a7-5009-1359-1@dCNY8.60
100    @a20000106d1996 km y0chiy0120 ea
101 0  @achi
105    @a z 000yy
200 1  @a投篮的技巧@ATou Lan De Ji Qiao@ATou Lan De Ji Qiao--Cong Fa Qiu Dao Kou Lan@e从罚球到扣篮@ECong FaQiu Dao Kou Lan@f(美)泰德.圣.马丁(Martin,T.S.),弗兰克.佛兰吉尔(Frangie.F.)著;王定译@F(Mei)Tai De.Sheng.Ma Ding(Martin,T.S.),Fu Lan Ke.Fo Lan Ji Er(Frangie.F.)Zhu;Wang Ding Yi
210    @a北京@c人民体育出版社@d1996.08
215    @a90页@c插图@d20cm
517    @a从罚球到扣篮@ACong Fa Qiu Dao Kou Lan
606 0  @a球类运动
690    @aG841.19@v1
701  0 @a泰德.圣.马丁@bMartin,T.S.@4著
701  0 @a弗兰克.佛兰吉尔@4著
701  0 @a弗兰克.佛兰吉尔@bFrangie.F.@4著
801    @aCN@bTSTC@c20011018
905    @dG841.19@e101@b284640@f1
    
    投篮的技巧:从罚球到扣篮/(美)泰德.圣.马丁(Martin,T.S.),弗兰克.佛兰吉尔(Frangie.F.)著;王定译.-北京:人民体育出版社,1996.08
    90页:插图;20cm
    
    
    ISBN 7-5009-1359-1:CNY8.60
    
●
相关链接 在E读中查询图书 在五车中查询图书 在当当中查询图书 在豆瓣中查询图书


正题名:投篮的技巧     索取号:G841.19/101         预约/预借

序号 登录号 条形码 馆藏地/架位号 状态 备注
1 0284638   002846380   第四借阅区/ [索取号:G841.19/101] 在馆    
2 0284639   002846399   第四借阅区/ [索取号:G841.19/101] 在馆    
3 0284640   002846406   第四借阅区/ [索取号:G841.19/101] 在馆    
4 0284641   002846415   第四借阅区/ [索取号:G841.19/101] 在馆    
5 0284642   002846424   第一样本阅览室/ [索取号:G841.19/101] 在馆    
唐山师范学院图书馆 欢迎您!
大连网信软件有限公司© 版权所有